000 00541nam a2200205Ia 4500
003 OSt
005 20240515115645.0
008 210210b1986 xxu||||| |||| 00| 0 eng d
040 _aAL
_c
041 _aKonkani
082 _a891.463 PIRA
100 _aPIRER (Ronald)
_925213
_dರೊನಾಲ್ಡ್ ಪಿರೇರಾ
245 _aAndlo
_b ಅಂಡ್ಲೊ
260 _aManglur
_bSevak Prakashan
_c1986
300 _a101
650 _akadambari
_925215
690 _aKonkani Fiction
_925218
906 _a050119
942 _2ddc
_cBK
999 _c98805
_d98805